Podium du Rallye Pays du Gier - Statistiques

Statistiques générales
  • Ce quiz a été pris 9 fois
    5 depuis la dernière actualisation
  • Le résultat moyen est 11 sur 55
Statistiques - réponses
Vainqueur % Correct
David Salanon
100%
Grégoire Hotz
75%
Ivan Ballinari
75%
Philippe Greiffenberg
75%
Sébastien Carron
75%
Bruno Ginhoux
50%
Cédric Robert
50%
Côme Ledogar
50%
Gilles Nantet
50%
Michael Burri
50%
Nicolas Althaus
50%
Olivier Burri
50%
Olivier Gillet
50%
Antonio Galli
25%
Brian Lavio
25%
Cyrille Garcin
25%
Frédéric Romeyer
25%
Gilles Cellier
25%
Kévin Despinasse
25%
Laurent Reuche
25%
Maxime Lecureux
25%
Stéphane Poudrel
25%
Thibault Habouzit
25%
Yves Despinasse
25%
Alain Roure
0%
Arnaud Masclaux
0%
Bernard Donguès
0%
Bernard Lagorsse
0%
Christian Nigri
0%
David Mollas
0%
Eric Peyrache
0%
Gérald Lonjard
0%
Hugo Bonfils
0%
Hugues Delage
0%
Jacques Amblard
0%
Jacques Tasso
0%
Jean-Claude Mouchet
0%
Jean-Francois Bérenguer
0%
Jean-Marc Arod
0%
Jerome Chavanne
0%
Michel Boetti
0%
Michel Rats
0%
Michel Rolland
0%
Mickael Prévalet
0%
Pascal Cloitre
0%
Patrice Bonnefond
0%
Patrick Artru
0%
Philippe Kruger
0%
Raphael Marry
0%
Serge Chataignon
0%
Sylvain Polo
0%
Thierry Brenier
0%
Thierry Messy
0%
Thomas Badel
0%
Yves Pezzutti
0%
Aucun quiz correspondant
Distribution des résultats
% des personnes avec chaque résultat
Percentile par nombre de réponses
Votre historique - résultats
Vous n’avez pas pris ce quiz depuis la dernière actualisation